02013nam a2200373 a 4500001001000000003000900010005001700019007000300036008004100039020001800080040002500098082002700123100004800150245018300198250003300381260003800414300004400452500005700496590002700553651004200580651002800622651005400650651005400704700004000758700004500798910003700843942001400880952014600894952014101040952014701181952014701328952014701475999001701622000048089DO-SdBNP20260305073959.0ta181114e2017 dr ac gr 000 e spa d a9789945004410 aDO-SdBNPbspacBNPHU 4a972.93bG984h 20172221 aGutiérrez Félix, Euclides,d1936-9567310aHaití y la República Dominicana un origen y dos destinos :bensayos históricos /cEuclides Gutiérrez Félix ; edición: Cándido Gerón ; prólogo: Manuel Núñez. a3a. ed. corregida y ampliada aSanto Domingo :bCorripio,c2017. a506 p. :bil., mapas, retrs. ;c23 cm. aIncluye datos biográficos del autor en las solapas aInventariado, 2018/MFF 4aRepública DominicanaxHistoria9170 4aHaitíxHistoria98418 4aRepública DominicanaxRelacioneszHaití95153 4aHaitíxRelacioneszRepública Dominicana9261412aGerón, Candido,d1948-eed.9357712aNúñez, Manuel,d1957-epról.92366 aValidado. Control de calidad MFF 2ddccLBS1 00102ddc56708DSaBNPHUbDOcHDd2018-11-14eDepósito Legal l0oBNPHU DS 973.92 G984h 2017p48089-30r2020-06-25te.3w2020-06-25yLFDS 00102ddc56708PDaBNPHUbPDcHDd2018-11-14eDepósito Legal l0oBNPHU PD 972.93 G984h 2017p48089-10r2020-06-25w2020-06-25yLFPD 00102ddc51708PDaBNPHUbPDcHDd2018-11-14eDepósito Legal l0oBNPHU PD 972.93 G984h 2017p48089-20r2020-06-25te.2w2020-06-25yLFPD 00102ddc56708DSaBNPHUbDOcHDd2021-06-28eDonado por MAPREl0oBNPHU DS 972.93 G984h 2017p2021-27101r2021-09-30te.4w2021-09-30yLFDS 00102ddc56708DSaBNPHUbDOcHDd2021-06-28eDonado por MAPREl0oBNPHU DS 972.93 G984h 2017p2021-27102r2021-09-30te.5w2021-09-30yLFDS c47577d47577